[Event "Iki Burul Dawn"]
[Site "Iki Burul"]
[Date "2009.06.26"]
[Round "7"]
[White "Edgeev, German"]
[Black "Muzraeva, Nadezhda"]
[Result "1-0"]
[WhiteElo "1674"]
[BlackElo "1838"]
[PlyCount "49"]
[EventDate "2009.06.24"]
[EventType "tourn"]
[EventRounds "9"]
[EventCountry "RUS"]
[SourceTitle "EXT 2022"]
[Source "ChessBase"]
[SourceDate "2021.10.06"]
[SourceVersion "1"]
[SourceVersionDate "2021.10.06"]
[SourceQuality "1"]

1. d4 d5 2. c4 e6 3. Nf3 Nf6 4. g3 Be7 5. Bg2 c6 6. b3 0-0 7. 0-0 Nbd7 8. Nbd2 Re8 9. Bb2 Nf8 10. Ne5 Ng6 11. f4 Bd7 12. e3 b6 13. g4 h6 14. Nxg6 fxg6 15. g5 Nh7 16. gxh6 gxh6 17. Nf3 Rf8 18. Ne5 Be8 19. Kh1 Bf6 20. Qg4 Qe7 21. Bh3 Bf7 22. Nxg6 Bxg6 23. Qxg6+ Kh8 24. Qxh6 Bg7 25. Qxe6 1-0

[Event "Iki Burul Dawn"]
[Site "Iki Burul"]
[Date "2009.06.25"]
[Round "3"]
[White "Patotosov, Konstantin"]
[Black "Muzraeva, Nadezhda"]
[Result "1-0"]
[WhiteElo "1926"]
[BlackElo "1838"]
[PlyCount "57"]
[EventDate "2009.06.24"]
[EventType "tourn"]
[EventRounds "9"]
[EventCountry "RUS"]
[SourceTitle "EXT 2022"]
[Source "ChessBase"]
[SourceDate "2021.10.06"]
[SourceVersion "1"]
[SourceVersionDate "2021.10.06"]
[SourceQuality "1"]

1. d4 d5 2. Nf3 Nf6 3. g3 Bf5 4. c4 e6 5. Bg2 c6 6. 0-0 Be7 7. Nc3 Nbd7 8. Nh4 Bg6 9. Nxg6 hxg6 10. e4 dxe4 11. Nxe4 Nxe4 12. Bxe4 Nf6 13. Bf3 Qd7 14. Qa4 Qxd4 15. Bxc6+ Kf8 16. Be3 Qe5 17. Bxb7 Rd8 18. Qb5 Qc7 19. Rfd1 Ng4 20. Rxd8+ Qxd8 21. Bf3 Nxh2 22. Be2 Qa8 23. c5 f5 24. c6 Kf7 25. Qb7 Qxb7 26. cxb7 Bd6 27. Bxa7 e5 28. Rd1 Ke7 29. Rxd6 1-0

[Event "Iki Burul Dawn"]
[Site "Iki Burul"]
[Date "2009.06.24"]
[Round "8"]
[White "Talkhigov, Aub"]
[Black "Muzraeva, Nadezhda"]
[Result "1/2-1/2"]
[WhiteElo "1968"]
[BlackElo "1838"]
[PlyCount "68"]
[EventDate "2009.06.24"]
[EventType "tourn"]
[EventRounds "9"]
[EventCountry "RUS"]
[SourceTitle "EXT 2022"]
[Source "ChessBase"]
[SourceDate "2021.10.06"]
[SourceVersion "1"]
[SourceVersionDate "2021.10.06"]
[SourceQuality "1"]

1. e4 c5 2. Nf3 Nc6 3. Bb5 g6 4. Bxc6 dxc6 5. h3 Bg7 6. d3 Nf6 7. Nc3 Qc7 8. Be3 e5 9. Bxc5 b6 10. Be3 0-0 11. Qd2 c5 12. Bh6 Be6 13. Bxg7 Kxg7 14. Qg5 h6 15. Qxe5 Qxe5 16. Nxe5 Nd7 17. Nxd7 Bxd7 18. f4 Bc6 19. 0-0 b5 20. b3 a5 21. a4 b4 22. Nb1 Rad8 23. Nd2 f5 24. e5 Rfe8 25. Rae1 Re6 26. Nc4 Ra8 27. g3 Bd5 28. Nd2 h5 29. h4 Rb8 30. Kf2 Rbb6 31. Ke3 Ra6 32. Rd1 Rab6 33. Nc4 Bxc4 34. dxc4 Kf7 1/2-1/2